MDQL
is popping MORE tags! Check the
thread
!
Quizzes
Events
Quiz Creation
Community
Videos
Private Events
Remove Ads
Sign In
Join for FREE
Feedback
Dark Mode
Quiz Categories
Sports
Geography
Music
Movies
Television
Just For Fun
Miscellaneous
History
Literature
Language
Science
Gaming
Entertainment
Religion
Holiday
For Kids
Quiz Lab
Recent
Popular Today
Quiz Kudos Today
Editor Picks
Curator Picks
Quizzes by...
Day
Popularity
Type
Ratings
Length
Year
Community
Subscriptions
Recent Discussions
Orange Saloon
Badges
Playlists
Quests
Create
Leaderboards
Showdown
Live 5
Trivia Bingo
Activity
Puzzle Library
Sporcle Events
Private Events
Virtual Trivia
Globe League
Become a Host
Pub Owners
SporcleCon
Opinionation
Our Games
Videos
Blog
Mobile Apps
Partnerships
Remove Ads and Go Orange
Feedback
Sports
Athletes
MLB
NBA
NHL
NFL
Soccer
Sports Teams
WWE
NCAA
Football
Premier League
Basketball
Baseball
Hockey
Golf
Tennis
Cricket
Rugby
Auto Racing
Olympics
World Cup
Sports
Athletes
MLB
NBA
NHL
NFL
Soccer
Sports Teams
WWE
NCAA
Football
Premier League
Basketball
Baseball
Hockey
Golf
Tennis
Cricket
Rugby
Auto Racing
Olympics
World Cup
Random Quiz
Search Sporcle
×
Quiz Lab
Quiz Lab
Sports
NFL
Type in answers that appear in a list
Type in answers that appear in a list
Classic
Best Score? Go Orange.
Raiders draft picks since 2000 Stats
Can you name the Raiders draft picks since 2000?
By
scooby90
12m
99 Questions
116 Plays
116 Plays
116 Plays
Comments
Comments
Give Quiz Kudos
Give Quiz Kudos
-
- Ratings
hide this ad
Replay
Link that replays current quiz
Next Quiz
Link to next quiz in quiz playlist
You Got
0%
They Got
Avg Score
32%
Avg Friend Score
Upgrade to see
Score Distribution
Jump to the score distribution portion of the page
Score
0/99
Timer
12:00
0
Plays Today
Year-Round Selected
Name
% Correct
2009-
1
Darrius Heyward-Bey
91.4%
2008-
1
Darren McFadden
90.5%
2010-
1
Rolando McClain
88.8%
2010-
5
Walter McFadden
88.8%
2007-
1
Jamarcus Russell
88.8%
2007-
4
Michael Bush
81%
2006-
1
Michael Huff
81%
2007-
2
Zach Miller
79.3%
2004-
1
Robert Gallery
78.4%
2009-
4
Louis Murphy
74.1%
2003-
1
Nnamdi Asomugha
70.7%
2003-
3
Justin Fargas
70.7%
2010-
4
Jacoby Ford
69.8%
2005-
3
Andrew Walter
69.8%
2011-
5
Denarius Moore
69%
2000-
1
Sebastian Janikowski
68.1%
2011-
4
Taiwan Jones
65.5%
2004-
6
Shawn Johnson
61.2%
2003-
2
Teyo Johnson
61.2%
2010-
4
Bruce Campbell
60.3%
2009-
2
Mike Mitchell
60.3%
2005-
1
Fabian Washington
60.3%
2000-
5
Shane Lechler
58.6%
2005-
3
Kirk Morrison
56.9%
2010-
2
Lamarr Houston
56%
2012-
4
Miles Burris
55.2%
2007-
4
Johnnie Lee Higgins
52.6%
2006-
7
Chris Morris
50.9%
2002-
1
Phillip Buchanon
50.9%
2006-
2
Thomas Howard
49.1%
2010-
3
Jared Veldheer
48.3%
2012-
3
Tony Bergstrom
48.3%
2001-
2
Marquest Tuiasosopo
47.4%
Year-Round Selected
Name
% Correct
2000-
2
Jerry Porter
47.4%
2008-
7
Chaz Schilens
46.6%
2002-
1
Napoleaon Harris
46.6%
2008-
4
Tyvon Branch
45.7%
2002-
7
Ronald Curry
45.7%
2005-
2
Stanford Routt
44.8%
2003-
3
Sam Williams
44%
2010-
7
Stevie Brown
43.1%
2011-
2
Stefen Wisniewski
41.4%
2003-
1
Tyler Brayton
39.7%
2011-
3
Joseph Barksdale
37.9%
2009-
3
Matt Shaughnessy
34.5%
2012-
5
Juron Criner
34.5%
2012-
5
Jack Crawford
34.5%
2001-
1
Derrick Gibson
32.8%
2007-
3
Mario Henderson
31.9%
2009-
6
Brandon Myers
31%
2004-
2
Jake Grove
31%
2002-
2
Doug Jolley
31%
2004-
3
Stuart Schweigert
30.2%
2008-
6
Trevor Scott
29.3%
2009-
4
Slade Norris
27.6%
2006-
4
Darnell Bing
27.6%
2011-
7
David Ausberry
27.6%
2002-
2
Langston Walker
25.9%
2007-
5
Jay Richardson
25%
2010-
6
Travis Goethel
24.1%
2011-
6
Richard Gordon
24.1%
2011-
4
Chimdi Chekwa
24.1%
2007-
6
Oren O'Neal
23.3%
2010-
7
Jeremy Ware
21.6%
2003-
5
Doug Gabriel
19%
2007-
3
Quentin Moses
18.1%
Year-Round Selected
Name
% Correct
2006-
3
Paul McQuistan
18.1%
2006-
6
Kevin Boothe
18.1%
2008-
4
Arman Shields
17.2%
2004-
7
Courtney Anderson
17.2%
2004-
4
Carlos Francis
16.4%
2007-
4
John Bowie
14.7%
2004-
5
Johnnie Morant
14.7%
2012-
7
Nathan Stupar
13.8%
2005-
6
Anttaj Hawthorne
12.1%
2009-
6
Stryker Sulak
10.3%
2007-
5
Eric Frampton
10.3%
2007-
7
Jonathon Holland
10.3%
2012-
6
Christo Bilukidi
10.3%
2003-
7
Ryan Hoag
8.6%
2002-
5
Kenyon Coleman
8.6%
2001-
3
DeLawrence Grant
8.6%
2001-
6
Chris Cooper
8.6%
2005-
6
Ryan Riddle
7.8%
2003-
7
Sideeq Shabazz
7.8%
2000-
7
Clifton Black
6.9%
2011-
3
DeMarcus Van Dyke
6.9%
2001-
7
Ken-Yon Rambo
6%
2005-
6
Pete McMahon
2.6%
2003-
4
Shurron Pierson
2.6%
2002-
6
Keyon Nash
1.7%
2000-
7
Mondriel Fulcher
1.7%
2006-
7
Kevin McMahan
0.9%
2004-
6
Cody Spencer
0.9%
2003-
6
Dustin Rykert
0.9%
2002-
6
Larry Ned
0.9%
2001-
5
Raymond Perryman
0.9%
2001-
7
Derek Combs
0.9%
2000-
4
Junior Ioane
0.9%
Quiz Playlist
Details
Report
Send in Message
Add To Playlist
Classic:
Type in answers that appear in a list
Quiz Source
Last Updated: Feb 16, 2017
Quiz Scoreboard
CHALLENGE
Sign Up to Join the Scoreboard
Show All
Scores
Hide
Comments
May contain spoilers
Recently Published
Two Season TV Shows II
by 123Four
Television
10m
Image Sorting: Flags VI
by Barbecue
Geography
2m
Find the 'City' Movie
by crazypaving
Movies
60s
More to Explore
Quiz From the Vault
Featured Blog Post
14 Easter Pick-up Lines to Find Eggs With
hide this ad
You Might Also Like...
Tags
College Quiz
Football Quiz
NFL Quiz
Year Quiz
Draft
Las Vegas Raiders
NFL Draft
Selected
Today's Top Quizzes in Sports
Browse Sports
hide this ad
Today's Top Quizzes in NFL
Browse NFL
Top Contributed Quizzes in Sports
1
Les meilleurs buteurs des matchs entre le PSG et l’OM
2
Les entraîneurs de l'OM et du PSG au 21e siècle
3
2022 World Cup Stars
4
Les joueurs passés par le PSG et l'OM
5
Players with Multiple 50 Home Run Seasons
6
FIFA Club World Cup Champions
7
Criteria MLB: Left Handed Sluggers
8
Les joueurs passés par le LOSC et le RC Lens
9
Top 10 NHL Goal Scorers of All Time
10
MLB Players with Two .350 Batting Average Seasons
Explore More
Trending Topics
Marvel
Kpop
NBA
Disney
Crossword
Harry Potter
Anime
Song
NFL
Country
Pokémon
The Office
Puzzle
WWE
Soccer
hide this ad
More By:
scooby90
Quiz
Plays
Rating
Category
Featured
Created
Raiders draft picks since 2000
116
Sports
Apr 30, 2010
Go to Creator's Profile
Score Distribution
Quiz Creator Spotlight
scooby90
Follow
Send a Message
Quizzes Created
-
Created Quiz Play Count
-
More By This Creator
Popular Quizzes Today
1
Find the US States - No Outlines Minefield
2
Colored Red Africa Blitz
3
Find the 'City' Movie
4
5x2 Blitz: Bands
5
The Countries of the World
6
Find the Countries of Europe - No Outlines Minefield
7
Find the US States
8
US States
More Sports Quizzes
Find the DTM Cars
Curator's Pick
Trending Quizzes
Colored Red Europe Blitz I
Colored Red Africa Blitz II
Colored Red Europe Blitz II
Colored Red Africa Blitz III
Colored Red Europe Blitz III
Recently Updated
How Do You Spell That?
pecheneg
Godzilla Movies
pecheneg
Grab Bag: 4-10 Letters
pecheneg
2024 March Madness Bracket
pecheneg
Famous TV Couples
Peacemaker
Champions League XIs: Real Madrid
pecheneg
Largest US Cities 1790-2010
pecheneg
Rides in Walt Disney World
pecheneg
Most Oscar Losses (Acting)
pecheneg
Beyoncé Albums
pecheneg
Trending Topics
NBA
Crossword
Disney
Marvel
Harry Potter
Kpop
Anime
Pokémon
Country
Song
Puzzle
NFL
Soccer
The Office
WWE
Your Account Isn't Verified!
In order to create a playlist on Sporcle, you need to verify the email address you used during registration. Go to your
Sporcle Settings
to finish the process.
Report this User
Report this user for behavior that violates our
Community Guidelines
.
Details:
Send Report
Go to the Sporcle.com Mobile Site →
Comments